Neighbours Death Scenes - Statistics

General Stats
  • This quiz has been taken 17 times
  • The average score is 6 of 10
Answer Stats
Picture Answer % Correct
David Tanaka
91%
Gary Canning
91%
Sonya Rebecchi
91%
Finn Kelly
73%
Hendrix Greyson
73%
Josh Willis
73%
Kate Ramsay
73%
Bridget Parker
45%
Gus Cleary
9%
Hamish Roche
9%
No matching quizzes found
Score Distribution
Percent of People with Each Score
Percentile by Number Answered
Your Score History
You have not taken this quiz